MDQL
is popping MORE tags! Check the
thread
!
Quizzes
Events
Quiz Creation
Community
Videos
Private Events
Remove Ads
Sign In
Join for FREE
Feedback
Dark Mode
Quiz Categories
Sports
Geography
Music
Movies
Television
Just For Fun
Miscellaneous
History
Literature
Language
Science
Gaming
Entertainment
Religion
Holiday
For Kids
Quiz Lab
Recent
Popular Today
Quiz Kudos Today
Editor Picks
Curator Picks
Quizzes by...
Day
Popularity
Type
Ratings
Length
Year
Community
Subscriptions
Recent Discussions
Orange Saloon
Badges
Playlists
Quests
Create
Leaderboards
Showdown
Live 5
Trivia Bingo
Activity
Puzzle Library
Sporcle Events
Private Events
Virtual Trivia
Globe League
Become a Host
Pub Owners
SporcleCon
Opinionation
Our Games
Videos
Blog
Mobile Apps
Partnerships
Remove Ads and Go Orange
Feedback
Sports
Athletes
MLB
NBA
NHL
NFL
Soccer
Sports Teams
WWE
NCAA
Football
Premier League
Basketball
Baseball
Hockey
Golf
Tennis
Cricket
Rugby
Auto Racing
Olympics
World Cup
Sports
Athletes
MLB
NBA
NHL
NFL
Soccer
Sports Teams
WWE
NCAA
Football
Premier League
Basketball
Baseball
Hockey
Golf
Tennis
Cricket
Rugby
Auto Racing
Olympics
World Cup
Random Quiz
Search Sporcle
×
Quiz Lab
Quiz Lab
Sports
NHL
Type in answers that appear in a list
Type in answers that appear in a list
Classic
Best Score? Go Orange.
NHL team by Old name Stats
Can you name the Nhl teams by their old names?
By
TheRealBenThaler
7m
31 Questions
27 Plays
27 Plays
27 Plays
Comments
Comments
Give Quiz Kudos
Give Quiz Kudos
-
- Ratings
hide this ad
Forced Order
Answers have to be entered in order
Answers have to be entered in order
Random Order
Randomize order of answers
Randomize order of answers
Replay
Link that replays current quiz
Next Quiz
Link to next quiz in quiz playlist
You Got
0%
They Got
Avg Score
80%
Avg Friend Score
Upgrade to see
Score Distribution
Jump to the score distribution portion of the page
Score
0/31
Timer
07:00
0
Plays Today
Old Name
Current Nickname
% Correct
New England Whalers, Hartford Whalers
Hurricanes
92.6%
Kansas City Scouts, Colorado Rockies
Devils
92.6%
New York Islanders
Islanders
92.6%
New York Rangers
Rangers
92.6%
Pittsburgh Penguins
Penguins
92.6%
Washington Capitals
Capitals
92.6%
Anaheim Mighty Ducks
Ducks
88.9%
Atlanta Flames
Flames
88.9%
Minnesota North Stars
Stars
88.9%
Minnesota Wild
Wild
88.9%
Alberta Oilers
Oilers
88.9%
Nashville Predators
Predators
88.9%
Philadelphia Flyers
Flyers
88.9%
St Louis Blues
Blues
88.9%
Toronto Blueshirts, Toronto Arenas, Toronto St Patricks
Maple Leafs
88.9%
Atlanta Thrashers
Jets
88.9%
Old Name
Current Nickname
% Correct
Vegas Golden Knights
Golden Knights
88.9%
Buffalo Sabres
Sabres
85.2%
Quebec Nordiques
Avalanche
85.2%
Columbus Blue Jackets
Blue Jackets
85.2%
Los Angeles Kings
Kings
85.2%
Florida Panthers
Panthers
85.2%
Montreal Canadiens
Canadiens
85.2%
Ottawa Senators
Senators
85.2%
Tampa Bay Lightning
Lightning
85.2%
Vanouver Canucks
Canucks
85.2%
Winnipeg Jets, Phoenix Coyotes
Coyotes
81.5%
Victoria Senators, Victoria Aristocrats, Spokane Canaries, Victoria Cougars, Detroit Cougars, Detroit Falcons
Red Wings
81.5%
Regina Capitals, Portland Rosebuds
Blackhawks
22.2%
Boston Bruins
3.7%
San Jose Sharks
3.7%
Quiz Playlist
Details
Report
Send in Message
Add To Playlist
Classic:
Type in answers that appear in a list
Forced Order:
Answers have to be entered in order
Random Order:
Randomize order of answers
Last Updated: Jan 29, 2018
Quiz Scoreboard
CHALLENGE
Sign Up to Join the Scoreboard
Show All
Scores
Hide
Comments
May contain spoilers
Recently Published
Holiday 10x10 Sorting Gallery
by lukepisani3
Holiday
15m
Two Season TV Shows II
by 123Four
Television
10m
Image Sorting: Flags VI
by Barbecue
Geography
2m
More to Explore
Quiz From the Vault
Featured Blog Post
14 Easter Pick-up Lines to Find Eggs With
hide this ad
You Might Also Like...
Tags
NHL Quiz
nickname
old
team
Today's Top Quizzes in Sports
Browse Sports
hide this ad
Today's Top Quizzes in NHL
Browse NHL
Top Contributed Quizzes in Sports
1
Les meilleurs buteurs des matchs entre le PSG et l’OM
2
Les entraîneurs de l'OM et du PSG au 21e siècle
3
2022 World Cup Stars
4
Les joueurs passés par le PSG et l'OM
5
Players with Multiple 50 Home Run Seasons
6
FIFA Club World Cup Champions
7
Criteria MLB: Left Handed Sluggers
8
Les joueurs passés par le LOSC et le RC Lens
9
Top 10 NHL Goal Scorers of All Time
10
NBA Logic Puzzle 2.0
Explore More
Trending Topics
NBA
Crossword
Harry Potter
Disney
Marvel
Kpop
Anime
Song
Pokémon
WWE
The Office
Puzzle
NFL
Country
Soccer
hide this ad
More By:
TheRealBenThaler
Quiz
Plays
Rating
Category
Featured
Created
MCU per Villains
11,321
3.63
Movies
Jan 21, 2019
The Ultimate MCU Quiz
3,168
4.42
Movies
May 13, 2019
Avengers Endgame Quiz (In Progress)
1,968
4.00
Movies
May 8, 2019
MCU Villain Real Names
1,838
4.38
Movies
Jan 21, 2019
Clash Royale Cards
1,537
5.00
Gaming
May 23, 2019
Go to Creator's Profile
Score Distribution
Quiz Creator Spotlight
TheRealBenThaler
Follow
Send a Message
Quizzes Created
-
Created Quiz Play Count
-
More By This Creator
Popular Quizzes Today
1
Find the US States - No Outlines Minefield
2
Colored Red Africa Blitz
3
Find the 'City' Movie
4
The Countries of the World
5
5x2 Blitz: Bands
6
Find the Countries of Europe - No Outlines Minefield
7
Find the US States
8
US States
More Sports Quizzes
Every WWE Championship PPV Match
Quiz Lab
Trending Quizzes
Colored Red Europe Blitz I
Colored Red Africa Blitz II
Colored Red Europe Blitz II
Even More Two Season TV Shows
Colored Red Africa Blitz III
Recently Updated
Quick Pick: 20 Twenties
pecheneg
March Madness Men's Triple Doubles
pecheneg
How Do You Spell That?
pecheneg
Godzilla Movies
pecheneg
Grab Bag: 4-10 Letters
pecheneg
2024 March Madness Bracket
pecheneg
Famous TV Couples
Peacemaker
Champions League XIs: Real Madrid
pecheneg
Largest US Cities 1790-2010
pecheneg
Rides in Walt Disney World
pecheneg
Trending Topics
Anime
Crossword
Marvel
Disney
Harry Potter
Kpop
NBA
WWE
Pokémon
The Office
Country
Soccer
Puzzle
Song
NFL
Your Account Isn't Verified!
In order to create a playlist on Sporcle, you need to verify the email address you used during registration. Go to your
Sporcle Settings
to finish the process.
Report this User
Report this user for behavior that violates our
Community Guidelines
.
Details:
Send Report
Go to the Sporcle.com Mobile Site →
Comments